Längste Flüsse in Bayern - Statistiken

Allgemein
  • Dieses Quiz wurde 590 mal gespielt
  • Das Durchschnittsergebnis liegt bei 8 aus 16
Antwortstatistiken
Fluss Fließlänge in Bayern % Korrekt
Donau 381 km
100%
Isar 271 km
96%
Inn 219 km
95%
Main 408 km
91%
Lech 166 km
87%
Regen 191 km
82%
Iller 139 km
64%
Altmühl 196 km
60%
Pegnitz 113 km
51%
Fränkische Saale 140 km
36%
Amper 168 km
24%
Wertach 141 km
17%
Wörnitz 132 km
11%
Paar 134 km
10%
Rott 113 km
7%
Friedberger Ach 101 km
3%
Keine übereinstimmenden Quizze gefunden
Verteilung der Resultate
Anzahl Personen mit jedem Resultat
Perzentil nach korrekt beantworteten Fragen
Ihre Resultats-Entwicklung
Sie haben dieses Quiz noch nicht gespielt